| 000 | 00708nam a2200241Ia 4500 | ||
|---|---|---|---|
| 003 | OSt | ||
| 005 | 20220923213547.0 | ||
| 006 | a|||||r|||| 00| 0 | ||
| 007 | ta | ||
| 008 | 220922b |||||||| |||| 00| 0 hin d | ||
| 024 | _a162,858 | ||
| 037 | _cTextual | ||
| 040 |
_aARTS _cARTS _bhin |
||
| 041 |
_2hin _ahin |
||
| 082 | _aO152,2N273,SS, K1 | ||
| 100 |
_aभटनागर, कणादऋषि _9156271 |
||
| 245 | 0 | _aसफर के साथी | |
| 246 | _aSafar ke sāthī | ||
| 260 | _c1961 | ||
| 650 |
_aहिन्दी साहित्य _9156264 |
||
| 942 |
_hO152,2N273,SS, K1 _cTEXL _2CC |
||
| 999 |
_c317338 _d317338 |
||